| 000 | 00439nam a2200169Ia 4500 | ||
|---|---|---|---|
| 008 | 230524s9999 xx 000 0 und d | ||
| 020 | _a9788131501801 | ||
| 082 |
_a4.165 _bAYA |
||
| 100 | _aKenneth J.Ayala | ||
| 245 | 4 | _aThe 8086 Microprocessor : Programming & Interfacing The PC | |
| 250 | _a5TH | ||
| 260 |
_aNEW DELHI _bCengage _c2009 |
||
| 300 | _aXXIII;672 | ||
| 500 | _aQuantity Number: 30 | ||
| 650 | _aComp-Sc | ||
| 942 | _cBK | ||
| 999 |
_c47940 _d47940 |
||